Power city / (Record no. 59644)

MARC details
000 -LEADER
fixed length control field 01560nam a22002897a 4500
005 - DATE AND TIME OF LATEST TRANSACTION
control field 20111219160041.0
010 ## - LCCN (DPL NO)
LC control number B-482095-099
020 ## - INTERNATIONAL STANDARD BOOK NUMBER
International Standard Book Number 8181467833
Terms of availability 95.00
020 ## - INTERNATIONAL STANDARD BOOK NUMBER
International Standard Book Number 9788181467836
Terms of availability 95.00
035 ## - SYSTEM CONTROL NUMBER
System control number B-482095-099
037 ## - SOURCE OF ACQUISITION
Source of stock number/acquisition Blue Berry/Ven
082 ## - DEWEY DECIMAL CLASSIFICATION NUMBER
Classification number S
100 ## - MAIN ENTRY--PERSONAL NAME
Personal name Sowmya Rajendran
245 ## - TITLE STATEMENT
Title Power city /
Statement of responsibility, etc by Sowmya Rajendran; pictures by Renuka Rajiv
260 ## - PUBLICATION, DISTRIBUTION, ETC. (IMPRINT)
Place of publication, distribution, etc Chennai
Name of publisher, distributor, etc Tulika Publishers
Date of publication, distribution, etc 2010
270 ## - ADDRESS
Address 13, Prithvi Avenue, Abhiramaouram
City Chennai
Postal code 600 018
300 ## - PHYSICAL DESCRIPTION
Extent unpaged
Other physical details ill.
Dimensions 23cm(pbk)
650 ## - SUBJECT ADDED ENTRY--TOPICAL TERM
Topical term or geographic name as entry element Stories
700 ## - ADDED ENTRY--PERSONAL NAME
Personal name Renuka Rajiv
9 (RLIN) 37147
942 ## - ADDED ENTRY ELEMENTS (KOHA)
Source of classification or shelving scheme Dewey Decimal Classification
Item type Children Books
Call number suffix SOW
Classification part S
Holdings
Withdrawn status Lost status Not for loan Collection code Home library Current library Date acquired Source of acquisition Cost, normal purchase price Full call number Barcode Copy number Cost, replacement price Koha item type
      Fiction Bawana Bawana 21/11/2012 Blue Berry/IN8486/14.04.2012/43/20.03.2012/19.06.2012 95.00 S SOW B-482098 1 95.00 Children Books
      Fiction Karol Bagh Karol Bagh 21/11/2012 Blue Berry/IN8486/14.04.2012/43/20.03.2012/19.06.2012 95.00 S SOW B-482095 1 95.00 Children Books
      Fiction Katevara Katevara 21/11/2012 Blue Berry/IN8486/14.04.2012/43/20.03.2012/19.06.2012 95.00 S SOW B-482099 1 95.00 Children Books
      Fiction Narela Narela 21/11/2012 Blue Berry/IN8486/14.04.2012/43/20.03.2012/19.06.2012 95.00 S SOW B-482097 1 95.00 Children Books
      Fiction New Rohtak Road New Rohtak Road 21/11/2012 Blue Berry/IN8486/14.04.2012/43/20.03.2012/19.06.2012 95.00 S SOW B-482096 1 95.00 Children Books

© Delhi Public Library
Hit Counter
free hit counter